Mis primeras canciones : (Registro nro. 11737)
[ vista simple ]
| 000 -LIDER | |
|---|---|
| fixed length control field | 00747nam a22002177a 4500 |
| 001 - NÚMERO DE CONTROL | |
| Identificador de número de control | 0011701 |
| 003 - IDENTIFICACDOR DE NÚMERO DE CONTROL | |
| control field | DO-SdBNP |
| 005 - DATE AND TIME OF LATEST TRANSACTION | |
| control field | 20161031155023.0 |
| 007 - CAMPOS FIJOS DE DESCRIPCIÓN FÍSICA | |
| fixed length control field | 0011701 |
| 008 - ELEMENTOS DE LONGITUD FIJA | |
| fixed length control field | 161031b 1981 pr||||| |||| 00| 0 spa d |
| 040 ## - FUENTE DE CATALOGACIÓN | |
| Agencia que crea de manera original el registro | BPMSU |
| Idioma de catalogación | spa |
| Agencia que realiza la transcripción | BPMSU |
| 082 ## - NÚMERO DE CLASIFICACIÓN DECIMAL DE DEWEY | |
| Classification number | xxxxxxxx |
| Item number | xxxxxxxx |
| 100 1# - ASIENTO PRINCIPAL -- NOMBRE PERSONAL | |
| Nombre personal | Muñoz, María Luisa |
| 245 1# - MENCIÓN DE TITULO | |
| Título | Mis primeras canciones : |
| Subtítulo | guía para kindergarten / |
| Mención de responsabilidad | María Luisa Muñoz, Isis Pérez de Méndez-Peñate ; copista Antonio Salcedo Corpas |
| 260 ## - PUBLICACIÓN, DISTRIBUCIÓN, ETC. (PIE DE IMPRENTA) | |
| Lugar de publicación, distribución, etc | Puerto Rico : |
| Nombre del editor, distribuidor, etc. | Departamento de intrucción pública. |
| Fecha de publicación, distribución, etc | 1981. |
| Fecha de impresión | 4ta ed. 1981 |
| 300 ## - DESCRIPCIÓN FÍSICA | |
| Extensión | 50 p. : |
| Otros detalles físicos | il., |
| Dimensiones | 28 cm. |
| 700 1# - ASIENTO SECUNDARIO -- NOMBRE PERSONAL | |
| Nombre personal | Pérez Méndez-Peñate, Isis de |
| 700 1# - ASIENTO SECUNDARIO -- NOMBRE PERSONAL | |
| Nombre personal | Salcedo Corpas, Antonio |
| 942 ## - ADDED ENTRY ELEMENTS (KOHA) | |
| Source of classification or shelving scheme | Dewey Decimal Classification |
| Koha item type | Libros |
| 956 ## - LOCAL ELECTRONIC LOCATION AND ACCESS (OCLC) | |
| Nombre de host | BTAVÁREZ |
| Número de acceso | 10 |
| Información de compresión | 20161031 |
| Trayectoria | 0011701 |
| Withdrawn status | Lost status | Source of classification or shelving scheme | Damaged status | Not for loan | Collection code | Home library | Current library | Date acquired | Source of acquisition | Total Checkouts | Full call number | Barcode | Date last seen | Price effective from | Koha item type |
|---|---|---|---|---|---|---|---|---|---|---|---|---|---|---|---|
| Dewey Decimal Classification | Colección General | Biblioteca Pública Metropolitana Salomé Ureña | Biblioteca Pública Metropolitana Salomé Ureña | 10/31/2016 | Donación | xxxxxxxx xxxxxxxx | BPMSU16100452 | 10/31/2016 | 10/31/2016 | Libros |